Napoleon Dynamite Quiz - Statistics

General Stats
  • This quiz has been taken 339 times
  • The average score is 8 of 15
Answer Stats
Hint Answer % Correct
In the election, who does pedro run against summer
89%
Napoleons favorite animal is a? liger
83%
napoleon called kip at school for what? chapstick
76%
What year does the movie take place in? 2004
75%
napoleon has a shirt that says? vote for pedro
75%
what state does it take place in? idaho
73%
the colors of the lockers at preston high school are ored yellow and what blue
69%
napoleon says what in most of the scenes? gosh
55%
his uncle claimed he could throw a football over what? mountains
55%
Who did Napoleon take to the school dance trisha
48%
what did napoleon and pedro hand out so people would vote for pedro? keychains
37%
summer's boyfriend and napoleons nemises is? don
24%
the bully that smashed Napoleons tots name was? randy
8%
what is the resraunt kip and rico eat at big js
4%
Kip dates who? lawfawnduh
4%
No matching quizzes found
Score Distribution
Percent of People with Each Score
Percentile by Number Answered
Your Score History
You have not taken this quiz